| 000 | 00930nam a22003730a 4500 | ||
|---|---|---|---|
| 001 | PT49588 | ||
| 003 | AR-LpoUNG | ||
| 005 | 20210131231312.0 | ||
| 008 | 191001s1997||||sp |||||||||||||||||spa d | ||
| 020 |
_a8437615054 _c$8,60 |
||
| 040 |
_aAR-LpoUNG _bspa _cAR-LpoUNG _eaacr |
||
| 041 | _aspa | ||
| 044 | _asp | ||
| 082 | 0 | _a909.07 474her | |
| 100 | 1 |
_aAlvar, Jaime _eed. |
|
| 245 | 1 | 0 | _aHéroes y antihéroes en la antigüedad clásica |
| 250 | _a1§ ed. | ||
| 260 |
_aMadrid : _bCatedral, _c1997. |
||
| 300 |
_a332 p. : _bil., gráfs., fot. |
||
| 650 | 4 | _aCRISTIANISMO | |
| 650 | 4 | _aFILOSOFIA | |
| 650 | 4 | _aHISTORIA | |
| 650 | 4 | _aMITOLOGIA | |
| 651 | 4 | _aDOCUMENTOS TEORICOS O METODOLOGICOS | |
| 653 | _aAQUILES | ||
| 653 | _aCICERON | ||
| 653 | _aFILOSOFOS | ||
| 653 | _aHERACLES | ||
| 653 | _aMITOS | ||
| 653 | _aNERON | ||
| 700 | 1 |
_aBlázquez, José María _eed. |
|
| 905 | _a49588 | ||
| 942 | _cLIB | ||
| 999 |
_c9219 _d9219 |
||